000 00659nam a22002537a 4500
003 UA-OsUOA
001 21422
007 ta
008 20031203b un ||||| |||| 00| 0 ukr d
100 _aГольцберг М. А.
090 _a336.76
_bГ63
942 _cBK
040 _aUA-OsUOA
_brus
_cUA-OsUOA
_dUA-OsUOA
245 _aАкционерные товарищества. Фондовая биржа. Операции с ценными бумагами.
300 _a94 с.
955 _a0
041 _arus
080 _a336.76
020 _a5-87660-007-5
260 _aКиев
_c1992
044 _aUA
650 7 _2UDC
999 _c307619
_d307619